| 000 | 00379nam a2200157 a 4500 | ||
|---|---|---|---|
| 005 | 20140414093840.0 | ||
| 008 | 071006s19uu xx 00 eng d | ||
| 050 |
_aVCD 930 _bRUS 1996 |
||
| 245 | _aRussian amazons. | ||
| 260 |
_aSl : _bDiscovery, _cc1996. |
||
| 300 | _a1 videodisk | ||
| 650 | _aFilm (documentary). | ||
| 650 | _aAmazons. | ||
| 942 | _cAVM | ||
| 999 |
_c109236 _d109236 |
||